Dobrovoľníctvo v dlhodobej starostlivosti o starších ľudí - čo o ňom ne/vieme a čo potrebujeme riešiť

Vymedzenie pojmu dobrovoľníctvo. Fakty o dobrovoľníctve pre starších ľudí na Slovensku. Profesionalizácia manažmentu dobrovoľníkov. Formy manažmentu dobrovoľníkov.

Guardado en:
Detalles Bibliográficos
Autor principal: Balogová, Beata
Otros Autores: Mračková, Alžbeta, Repková, Kvetoslava
Formato: Capítulo de libro
Lenguaje:eslovaco
Materias:
Etiquetas: Agregar Etiqueta
Sin Etiquetas, Sea el primero en etiquetar este registro!

MARC

LEADER 00000naa a2200000 4500
001 0185249
005 20220505130332.5
041 0 |a slo 
044 |a CZ 
245 1 0 |a Dobrovoľníctvo v dlhodobej starostlivosti o starších ľudí - čo o ňom ne/vieme a čo potrebujeme riešiť  |c Beata Balogová, Alžbeta Mračková, Kvetoslava Repková 
520 |a Vymedzenie pojmu dobrovoľníctvo. Fakty o dobrovoľníctve pre starších ľudí na Slovensku. Profesionalizácia manažmentu dobrovoľníkov. Formy manažmentu dobrovoľníkov. 
610 2 0 |a starostlivosť sociálna 
610 2 0 |a Slovensko 
610 2 0 |a služby sociálne 
610 2 0 |a pojmy 
610 2 0 |a dobrovoľníctvo 
100 1 |a Balogová, Beata 
700 1 |a Mračková, Alžbeta 
700 1 |a Repková, Kvetoslava